| 000 | 00579nam a2200205 a 4500 | ||
|---|---|---|---|
| 005 | 20250308063754.0 | ||
| 008 | 991125s1997 mx 000 0 spa u | ||
| 020 | _a96868491211 | ||
| 035 | _aUPN01000045002 | ||
| 049 | _aCG | ||
| 050 | 4 | _aTD174 L3.6 | |
| 100 | 1 |
_aLavín, Mónica, _d1955- _938815 |
|
| 245 | 1 | 0 |
_aPlaneta azul, planeta gris / _cMónica Lavín |
| 260 |
_aMéxico : _bADN$bCNCA, _c1997 |
||
| 300 | _a119 p | ||
| 440 | 0 |
_aColeccion viaje al centro de la ciencia; _v11 |
|
| 650 | 2 |
_aContaminación _95710 |
|
| 650 | 4 |
_aEducación ambiental _94338 |
|
| 905 | _aLibro | ||
| 999 |
_c45002 _d45002 |
||